Personnages de fiction en images #11 - Statistiques

Statistiques générales
  • Ce quiz a été pris 91 fois
  • Le résultat moyen est 12 sur 40
Statistiques - réponses
Par images Hint Réponse % Correct
Cendrillon
100%
Le Livre de la jungle Baloo
81%
Harry Potter Minerva McGonagall
77%
Les Télétubbies Po
66%
Ronald McDonald
66%
Naruto Itachi Uchiwa
53%
Yakari Petit-Tonnerre
52%
Gromit
51%
La Belle et la Bête Lumière
49%
Ratz Razmo
47%
God of War Kratos
42%
Stranger Things Maxine Mayfield
36%
Le Seigneur des anneaux Peregrin Touque
35%
X-Men Cyclope
34%
Pokémon Vipélierre
31%
Titeuf François
26%
Assassination Classroom Nagisa Shiota
23%
Les aventures de Rabbi Jacob Salomon
23%
Star Wars Amiral Ackbar
22%
La Pat' Patrouille Ruben
22%
Winx Club Tecna
22%
Super Mario Galaxy Luma
19%
Élite Omar Shanaa
18%
Penelope Featherington
18%
Le Labyrinthe Gally
16%
Lost : Les Disparus John Locke
16%
Veronica Mars
14%
Une nounou d'enfer Maxwell Sheffield
12%
Tous en scène Rosita
12%
Modern Family Alex Dunphy
10%
Supernatural Castiel
10%
Pour l'amour du risque Jennifer Hart
9%
La Fête à la maison Jesse Katsopolis
9%
Demain nous appartient Chloé Delcourt
8%
Le Monde de Nemo Crush
8%
Daria
6%
Les Minijusticiers Gros Loup
6%
Titanic Caledon Hockley
5%
Shining Wendy Torrance
4%
Dallas Jenna Wade
1%
Aucun quiz correspondant
Distribution des résultats
% des personnes avec chaque résultat
Percentile par nombre de réponses
Votre historique - résultats
Vous n’avez pas pris ce quiz